Physics : for Classes XI-XII / (Record no. 9559)
[ view plain ]
| 000 -LEADER | |
|---|---|
| fixed length control field | 00671nam a2200241 a 4500 |
| 001 - CONTROL NUMBER | |
| JCCL Control Number | 9559 |
| 003 - CONTROL NUMBER IDENTIFIER | |
| JCCL marc code | BD-JhCC |
| 005 - DATE AND TIME OF LATEST TRANSACTION | |
| control field | 20220831091430.0 |
| 008 - FIXED-LENGTH DATA ELEMENTS--GENERAL INFORMATION | |
| fixed length control field | 220831s20172019bg a|||| |||| 000 0 eng d |
| 020 ## - INTERNATIONAL STANDARD BOOK NUMBER | |
| International Standard Book Number | 9789849100119 |
| 035 ## - SYSTEM CONTROL NUMBER | |
| system control number | (BD-JhCC)9559 |
| 040 ## - CATALOGING SOURCE | |
| Original cataloging agency | BD-JhCC |
| Modifying agency | BD-JhCC |
| 041 ## - LANGUAGE CODE | |
| Language code of Book | ben |
| 082 ## - DEWEY DECIMAL CLASSIFICATION NUMBER | |
| Classification number | 530 |
| Author mark and Year | SAL 2019 |
| 100 ## - MAIN ENTRY--PERSONAL NAME | |
| Personal name | Salu, A.T.M. Shamsur Rahman |
| 245 ## - TITLE STATEMENT | |
| Title | Physics : for Classes XI-XII / |
| Statement of responsibility, etc | A.T.M. Shamsur Rahman Salu and Zakaria Touhid |
| 260 ## - PUBLICATION, DISTRIBUTION, ETC. (IMPRINT) | |
| Place of publication, distribution, etc | Dhaka : |
| Name of publisher, distributor, etc | Lecture publications ltd., |
| Date of publication, distribution, etc | 2019. |
| 300 ## - PHYSICAL DESCRIPTION | |
| Pagination | First and Second paper |
| Dimensions | 22 cm. |
| Other physical details | ill. |
| 650 ## - SUBJECT ADDED ENTRY--TOPICAL TERM | |
| Topical term or geographic name as entry element | Physics |
| 700 ## - ADDED ENTRY--PERSONAL NAME | |
| Personal name | Touhid, Zakaria |
| 942 ## - ADDED ENTRY ELEMENTS (KOHA) | |
| Source of classification or shelving scheme | Dewey Decimal Classification |
| Koha item type | Books |
| Source of classification or shelving scheme | volume number | Damaged status | Not for loan | Home library | Current library | Shelving location | Date of accession | Cost, normal purchase price | Total Checkouts | Full call number | Barcode | Date last seen | Date checked out | Copy number | Koha item type | Checked out |
|---|---|---|---|---|---|---|---|---|---|---|---|---|---|---|---|---|
| Dewey Decimal Classification | V-1 | JCC Rouf Library | JCC Rouf Library | General Stacks | 08/31/2022 | 599.00 | 6 | 530 SAL 2019 | 17521 | 04/09/2025 | 01/29/2025 | C-1 | Books | |||
| Dewey Decimal Classification | V-1 | JCC Rouf Library | JCC Rouf Library | General Stacks | 08/31/2022 | 599.00 | 4 | 530 SAL 2019 | 17525 | 01/18/2026 | 01/13/2026 | C-2 | Books | |||
| Dewey Decimal Classification | V-1 | JCC Rouf Library | JCC Rouf Library | General Stacks | 08/31/2022 | 599.00 | 5 | 530 SAL 2019 | 17524 | 11/24/2025 | 11/24/2025 | C-3 | Books | 12/20/2025 | ||
| Dewey Decimal Classification | V-1 | JCC Rouf Library | JCC Rouf Library | General Stacks | 08/31/2022 | 599.00 | 6 | 530 SAL 2019 | 17523 | 02/26/2025 | 01/23/2025 | C-4 | Books | |||
| Dewey Decimal Classification | V-1 | JCC Rouf Library | JCC Rouf Library | General Stacks | 08/31/2022 | 599.00 | 7 | 530 SAL 2019 | 17522 | 02/13/2025 | 02/06/2025 | C-5 | Books | |||
| Dewey Decimal Classification | V-2 | JCC Rouf Library | JCC Rouf Library | General Stacks | 08/31/2022 | 599.00 | 4 | 530 SAL 2019 | 17528 | 11/24/2025 | 11/24/2025 | C-1 | Books | 12/20/2025 | ||
| Dewey Decimal Classification | V-2 | JCC Rouf Library | JCC Rouf Library | General Stacks | 08/31/2022 | 599.00 | 1 | 530 SAL 2019 | 17526 | 06/02/2024 | 05/21/2024 | C-2 | Books | |||
| Dewey Decimal Classification | V-2 | JCC Rouf Library | JCC Rouf Library | General Stacks | 08/31/2022 | 599.00 | 2 | 530 SAL 2019 | 17527 | 04/30/2025 | 01/29/2025 | C-3 | Books | |||
| Dewey Decimal Classification | V-2 | JCC Rouf Library | JCC Rouf Library | General Stacks | 08/31/2022 | 599.00 | 3 | 530 SAL 2019 | 17529 | 10/20/2025 | 07/14/2025 | C-4 | Books | |||
| Dewey Decimal Classification | V-2 | JCC Rouf Library | JCC Rouf Library | General Stacks | 08/31/2022 | 599.00 | 3 | 530 SAL 2019 | 17530 | 09/16/2024 | 09/09/2024 | C-5 | Books |